|
|
|
|
| LEADER |
00000naa a2200000uu 4500 |
| 001 |
vtls011087983 |
| 003 |
SK-MaSNL |
| 005 |
20260414092540.0 |
| 008 |
210905|2001 xo |||||||||||||||||eng| |
| 015 |
|
|
|a SNBRA
|
| 035 |
|
|
|a (urnnbn)urn:nbn:sk:snk:ar-a0co0s
|
| 035 |
|
|
|a (uuid)fa0655c1-d11d-4759-969f-a36401dcab5b
|
| 035 |
|
|
|a urn:nbn:sk:snk-aavtub
|
| 040 |
|
|
|a SNKBUCL
|b slo
|c SNKBUCL
|e AACR2
|
| 041 |
0 |
|
|a eng
|
| 044 |
|
|
|a xo
|c SK
|
| 100 |
1 |
|
|a Samuelis, Ladislav
|4 aut
|9 48973
|
| 245 |
1 |
0 |
|a SOME REMARKS TO THE E-LEARNING EXPERIENCES AT THE DEPT. OF COMPUTERS AND INFORMATICS, FEI TU KOSICE
|c Ladislav Samuelis, František Jakab
|
| 700 |
1 |
|
|a Jakab, František,
|d 1959-
|4 aut
|9 6253
|
| 773 |
0 |
|
|t Proceedings of the Computer Science Education Workshop 2001, Košice - Herľany, Slovak Republic October 25.-26. 2001
|d Košice : Technical University, 2001
|g S. 68-73
|z 8070997052
|
| 958 |
|
|
|a OND
|
| 958 |
|
|
|a article12
|
| 958 |
|
|
|a chapter
|
| 999 |
|
|
|c 1239739
|d 1241669
|